00743nam a2200181 a 450000500170000000800410001705000230005824500780008126000860015930000120024544000630025750000380032052000170035865000590037565000570043465000610049170000090055220140414093839.0040310s19uu xx 00 eng d aVHS 370bOR 11 t.2 aMaximizing learning for English language learners :bteaching strategies. aAlexandria, Va :bAssociation for Supervision and Curriculum Development,cc2003. a35 min. aMaximizing learning for English language learners ; tape 2 aFacilitator's guide, Tapes 1,2,3. aLibrary has: aCurriculum planning (English language)xUnited States. aEnglish languagexStudy and teachingxUnited States. aEducation, BilingualxStudy and teachingxUnited States. aASCD